Open systems

Αποθηκεύτηκε σε:
Λεπτομέρειες βιβλιογραφικής εγγραφής
Κύριος συγγραφέας: Nutt, Gary J.
Μορφή: Βιβλίο
Γλώσσα:English
Δημοσίευση: Englewood Cliffs, N.J. : Prentice Hall, c1992
Θέματα:
Ετικέτες: Προσθήκη ετικέτας
Δεν υπάρχουν, Καταχωρήστε ετικέτα πρώτοι!

MARC

LEADER 00000cam a2200000 i 4500
001 1/27017
008 950724s1992 eng d
020 |a 0136362346 
035 |l 10022781 
040 |a GR-MY-UA  |b gre  |e aacr 
041 0 |a eng 
082 0 |a 004.6/5  |2 (20) 
100 1 |a Nutt, Gary J. 
245 1 0 |a Open systems /  |c Gary J. Nutt 
260 |a Englewood Cliffs, N.J. :   |b Prentice Hall,   |c c1992 
300 |a x, 292 p.;  |b ill.;  |c 24 cm 
504 |a Includes bibliographical references (p. 271-281) and index 
650 0 0 |a Computer networks. 
650 0 0 |a Application software. 
650 0 0 |a Distributed operating systems (Computers) 
852 |a INST  |b CHIOS  |e 19950724  |h 004.65 NUT  |p 005200002314  |q 005200002314  |t BK  |y 0 
909 |a Χ  |b 025287